Central Library, Doon University
WEBOPAC (ONLINE PUBLIC ACCESS CATALOGUE)

Artificial Intelligence in the City Urban Perspective (Record no. 60215)

MARC details
000 -LEADER
fixed length control field 00490nam a22001817a 4500
005 - DATE & TIME
control field 20260203114905.0
008 - FIXED-LENGTH DATA ELEMENTS--GENERAL INFORMATION
fixed length control field 260203b |||||||| |||| 00| 0 eng d
020 ## - ISBN
International Standard Book Number 9789390346264
Price 1495.00
040 ## - CATALOGING SOURCE
Original cataloging agency Doon University
041 ## - Language
Language English
082 ## - DDC NUMBER
Classification number 006.3
Book Number CAR
100 ## - MAIN ENTRY--PERSONAL NAME
Personal name Carroll, Deborah A.
245 ## - TITLE STATEMENT
Title Artificial Intelligence in the City Urban Perspective
260 ## - PUBLICATION, DISTRIBUTION, ETC. (IMPRINT)
Place of publication, distribution, etc New Delhi
Name of publisher, distributor, etc Blackwell Press
Date of publication, distribution, etc 2026
300 ## - PHYSICAL DESCRIPTION
Pages 246
650 ## - Subject
Subject Urban Studies
942 ## - ADDED ENTRY ELEMENTS (KOHA)
Koha item type Books
100 ## - MAIN ENTRY--PERSONAL NAME
-- 26172
650 ## - Subject
-- 24652
952 ## - LOCATION AND ITEM INFORMATION (KOHA)
-- 2026-02-03
952 ## - LOCATION AND ITEM INFORMATION (KOHA)
-- 2026-02-03
952 ## - LOCATION AND ITEM INFORMATION (KOHA)
-- 2026-02-03
Holdings
Withdrawn status Lost status Source of classification or shelving scheme Damaged status Not for loan Location (home branch) Sublocation or collection (holding branch) Date acquired Koha issues (times borrowed) Koha full call number Accession No. Koha date last seen Koha item type
          Doon University Doon University 03.02.2026   006.3 CAR 51989 03.02.2026 Books
          Doon University Doon University 03.02.2026   006.3 CAR 51990 03.02.2026 Books
          Doon University Doon University 03.02.2026   006.3 CAR 51991 03.02.2026 Books
Contact : +91-135-2533126 (Library),+91-135-2533105 (Admin Office) , Email : doonlibrary@gmail.com

Powered by Koha